000 00516nam a22001937a 4500
003 OSt
005 20140310181807.0
008 130704t xxu||||| |||| 00| 0 eng d
050 _aHD 69
_b.T583 2008
082 _aREF 640.43
_bT48 2008
245 _a10,001 Time saving ideas /
260 _aNew York :
_bReader's Digest,
_cc2008.
300 _a447 p. ;
_bill, col, ;
_c26 cm.
520 _a1. Time management.
521 _aBasic Ed. Students
541 _j1
562 _e1
942 _2lcc
_cBK-GR
_kREF
999 _c3831
_d3831